| 000 | 01567nam a2200313 a 4500 | ||
|---|---|---|---|
| 001 | BRCA_3440 | ||
| 005 | 20190320204302.0 | ||
| 041 | _aita | ||
| 044 | _ait | ||
| 084 |
_a729 _b.P655 _c1870 |
||
| 100 | 1 |
_aCervantes Saavedra, Miguel de _d1547-1616 _9213 |
|
| 245 | 1 | 0 |
_aL´Ingegnoso Idalgo Don Chisciotte della Mancia con Sancio Pancia suo Scudiere _cdi Michele Cervantes di Saavedra ; Tradotto da Bartolomeo Gamba. |
| 260 |
_aMilán _bEnrico Politti _c1870 |
||
| 300 |
_a2 v. _bil. _c23 cm. |
||
| 500 | _aContenido : v.1. Primera parte. Breve juicio crítico sobre Cervantes por A. Balbiani. Prólogo del autor. -- v.2. Segunda parte. Prólogo del autor | ||
| 500 | _aEdición ajustada a la anterior, pero en sustitución de la Noticia sobre la vida de Cervantes extractada de la escrita por Viardot, lleva un breve juicio crítico sobre el autor por Antonio Balbiani. La impresión es muy buena. Va ilustrada con los dibujos de Johannot. Semipiel; lomeras adornadas con dorados Lúdovik Osterc | ||
| 500 | _aQM548 | ||
| 546 | _aTexto en : italiano | ||
| 650 | 1 | 4 |
_aNovela española _yÉpoca clásica, 1500-1700 _9215 |
| 650 | 1 | 4 |
_aLiteratura española _yÉpoca clásica, 1500-1700 _9216 |
| 650 | 1 | 4 |
_aNovela española _ySiglo XVII _9217 |
| 650 | 1 | 4 |
_aDon Quijote (Personaje ficticio) _eNovela _9218 |
| 700 | 1 |
_aGamba, Bartolomeo _d1766-1841 _eTraductor _99003 |
|
| 700 | 1 |
_aBalbiani, Antonio _eEditor _99004 |
|
| 700 | 1 |
_aJohannot, Tony _d1803-1852 _eIlustrador _99005 |
|
| 740 | 0 | _aEl Ingenioso Hidalgo Don Quijote de la Mancha | |
| 902 | _aQFM | ||
| 942 |
_2lcc _cB |
||
| 999 |
_c3176 _d3176 |
||